[Event "Heart of Finland op 08th"]
[Site "Jyvaskyla"]
[Date "1998.??.??"]
[Round "?"]
[White "Soppela, Jouni"]
[Black "Dworakowski, Lukasz"]
[Result "0-1"]
[WhiteElo "2210"]
[BlackElo "2330"]
[PlyCount "64"]
[EventDate "1998.07.??"]
[EventType "swiss"]
[EventRounds "9"]
[EventCountry "FIN"]
[SourceTitle "EXT 2000"]
[Source "ChessBase"]
[SourceDate "1999.11.16"]
[SourceVersion "1"]
[SourceVersionDate "1999.11.16"]
[SourceQuality "1"]

1. e4 e5 2. Nf3 Nc6 3. d4 exd4 4. c3 dxc3 5. Nxc3 Bb4 6. Bc4 d6 7. Ng5 Nh6 8. 0-0 Bxc3 9. bxc3 Qe7 10. f4 Bd7 11. Rb1 Na5 12. Be2 f6 13. Qd5 c5 14. Nf3 Nf7 15. e5 0-0 16. Rd1 Bc6 17. Qd3 dxe5 18. Qf5 e4 19. Nh4 b6 20. g4 Rad8 21. Qh5 Rxd1+ 22. Bxd1 Rd8 23. g5 fxg5 24. fxg5 Ne5 25. Be3 g6 26. Qe2 Nf3+ 27. Nxf3 exf3 28. Qf2 Be8 29. Be2 Qe4 30. Bb5 Nb3 31. Rxb3 Qg4+ 32. Qg3 f2+ 0-1

[Event "MK Cafe Cup-B"]
[Site "Koszalin"]
[Date "1998.??.??"]
[Round "9"]
[White "Twardowski, Lukasz"]
[Black "Dworakowski, Lukasz"]
[Result "1/2-1/2"]
[WhiteElo "2255"]
[BlackElo "2340"]
[PlyCount "80"]
[EventDate "1998.08.??"]
[EventType "swiss"]
[EventRounds "10"]
[EventCountry "POL"]
[SourceTitle "EXT 1999"]
[Source "ChessBase"]
[SourceDate "1998.11.16"]
[SourceVersion "1"]
[SourceVersionDate "1998.11.16"]
[SourceQuality "1"]

1. Nc3 e5 2. Nf3 Nc6 3. d4 exd4 4. Nxd4 Nf6 5. Bg5 h6 6. Bxf6 Qxf6 7. Ndb5 Qd8 8. Nd5 Bb4+ 9. c3 Ba5 10. b4 a6 11. Nd4 Bb6 12. Nxb6 cxb6 13. g3 d5 14. Bg2 0-0 15. 0-0 b5 16. Qb3 Nxd4 17. cxd4 Be6 18. Rac1 Qd7 19. Rc5 b6 20. Rc3 Rfc8 21. Rfc1 Rc4 22. e3 Bh3 23. Bxh3 Qxh3 24. e4 Rxd4 25. exd5 Qg4 26. a3 Qe2 27. Qc2 Qxc2 28. R1xc2 Rxd5 29. Rc8+ Rd8 30. R8c6 Rab8 31. R2c3 Rb7 32. Kg2 a5 33. Rb3 Rd4 34. Kf3 Kf8 35. Ke3 Rc4 36. Rd6 Ke7 37. Rd5 Rbc7 38. bxa5 bxa5 39. Rbxb5 Rc3+ 40. Rd3 R3c5 1/2-1/2

[Event "POL-chT 53rd"]
[Site "Krynica"]
[Date "1997.09.28"]
[Round "4"]
[White "Hnydiuk, Aleksander"]
[Black "Dworakowski, Lukasz"]
[Result "0-1"]
[WhiteElo "2375"]
[BlackElo "2320"]
[PlyCount "86"]
[EventDate "1997.09.25"]
[EventType "team-tourn"]
[EventRounds "11"]
[EventCountry "POL"]
[SourceTitle "EXT 2019"]
[Source "ChessBase"]
[SourceDate "2018.10.10"]
[SourceVersion "1"]
[SourceVersionDate "2018.10.10"]
[SourceQuality "1"]
[WhiteTeam "Bukowno Czarny Kon"]
[BlackTeam "Jasien LKS ZPD"]
[WhiteTeamCountry "POL"]
[BlackTeamCountry "POL"]

1. e4 e5 2. Nf3 Nc6 3. d4 exd4 4. Nxd4 Nf6 5. Nxc6 bxc6 6. e5 Qe7 7. Qe2 Nd5 8. c4 Nb6 9. Nd2 Qe6 10. b3 a5 11. Bb2 a4 12. g3 Bb4 13. Bg2 0-0 14. 0-0 d5 15. Nf3 a3 16. Bc1 Bc3 17. Rb1 f6 18. Qe3 Bxe5 19. c5 Qf5 20. Bd2 Nd7 21. Nh4 Qc2 22. f4 Bb2 23. Qe6+ Kh8 24. Qxc6 Ba6 25. Rfe1 Qxc5+ 26. Qxc5 Nxc5 27. Bb4 Nd3 28. Bxf8 Nxe1 29. Bxg7+ Kxg7 30. Rxe1 Kf8 31. Bxd5 Rd8 32. Bf3 Rd2 33. Rd1 Rxd1+ 34. Bxd1 Bd3 35. Kf2 Bb1 36. Ke2 c5 37. Kd2 Bxa2 38. Kc2 c4 39. bxc4 Bxc4 40. Nf3 Bd5 41. Ne1 Bd4 42. Kd3 a2 43. Nc2 Bb2 0-1

[Event "POL-chT 53rd"]
[Site "Krynica"]
[Date "1997.09.26"]
[Round "2"]
[White "Jaworski, Miroslaw"]
[Black "Dworakowski, Lukasz"]
[Result "1/2-1/2"]
[WhiteElo "2390"]
[BlackElo "2320"]
[PlyCount "104"]
[EventDate "1997.09.25"]
[EventType "team-tourn"]
[EventRounds "11"]
[EventCountry "POL"]
[SourceTitle "EXT 2019"]
[Source "ChessBase"]
[SourceDate "2018.10.10"]
[SourceVersion "1"]
[SourceVersionDate "2018.10.10"]
[SourceQuality "1"]
[WhiteTeam "Bielsko-Biala Wlokniarz"]
[BlackTeam "Jasien LKS ZPD"]
[WhiteTeamCountry "POL"]
[BlackTeamCountry "POL"]

1. d4 Nf6 2. Nf3 g6 3. c4 Bg7 4. g3 0-0 5. Bg2 d6 6. 0-0 c6 7. Nc3 Bf5 8. b3 Ne4 9. Bb2 Nxc3 10. Bxc3 Be4 11. Qd2 Nd7 12. Rfe1 e6 13. Rad1 Nf6 14. Qf4 d5 15. Bf1 Bxf3 16. Qxf3 Ne4 17. Bb4 Re8 18. Qe3 a5 19. Ba3 a4 20. b4 Qf6 21. c5 e5 22. Bb2 Qf5 23. dxe5 Bxe5 24. Bxe5 Rxe5 25. a3 Rae8 26. Qf4 Qh5 27. f3 Ng5 28. Rd3 d4 29. g4 Ne6 30. gxh5 Nxf4 31. Rxd4 Nxe2+ 32. Bxe2 Rxe2 33. Rxe2 Rxe2 34. hxg6 hxg6 35. Rd7 Re3 36. Rxb7 Rxf3 37. Rb6 Rxa3 38. Rxc6 Rb3 39. Rb6 a3 40. Ra6 Kf8 41. c6 Ke7 42. Kg2 Kd6 43. b5 Rxb5 44. Rxa3 Rg5+ 45. Kh3 Rc5 46. Ra7 f6 47. Rf7 Ke6 48. Rc7 Rc3+ 49. Kg2 g5 50. Rc8 Kd6 51. Rf8 Ke5 52. Rc8 Kd6 1/2-1/2

[Event "POL-chT 53rd"]
[Site "Krynica"]
[Date "1997.09.25"]
[Round "1"]
[White "Dworakowski, Lukasz"]
[Black "Czerwonski, Aleksander"]
[Result "1/2-1/2"]
[WhiteElo "2320"]
[BlackElo "2395"]
[PlyCount "99"]
[EventDate "1997.09.25"]
[EventType "team-tourn"]
[EventRounds "11"]
[EventCountry "POL"]
[SourceTitle "EXT 2019"]
[Source "ChessBase"]
[SourceDate "2018.10.10"]
[SourceVersion "1"]
[SourceVersionDate "2018.10.10"]
[SourceQuality "1"]
[WhiteTeam "Jasien LKS ZPD"]
[BlackTeam "Gorzow Wielkopolski Stilon"]
[WhiteTeamCountry "POL"]
[BlackTeamCountry "POL"]

1. e4 d6 2. d4 Nf6 3. Nc3 g6 4. Be2 Bg7 5. Be3 0-0 6. Qd2 e5 7. dxe5 dxe5 8. Nf3 Qe7 9. Bg5 c6 10. 0-0-0 Nbd7 11. Qd6 Qxd6 12. Rxd6 h6 13. Bh4 Ne8 14. Rd2 Nc7 15. Rhd1 Nb6 16. Be7 Re8 17. Bd6 Na6 18. a4 Bg4 19. a5 Nd7 20. Bxa6 bxa6 21. Rd3 Nf8 22. h3 Bxf3 23. Rxf3 Ne6 24. Ne2 Rad8 25. Rfd3 Nd4 26. Nxd4 exd4 27. e5 Bxe5 28. Bxe5 Rxe5 29. Rxd4 Rxd4 30. Rxd4 Rxa5 31. Rc4 c5 32. Kd2 Kg7 33. b3 Kf6 34. Re4 Rb5 35. Re8 a5 36. Kc3 a4 37. bxa4 Rb4 38. Rc8 Rxa4 39. Rxc5 Ke6 40. Rc7 Ra1 41. Kb2 Rf1 42. Rxa7 Rxf2 43. g3 Kd5 44. Rd7+ Kc5 45. Rd3 f5 46. h4 g5 47. hxg5 hxg5 48. Kc1 g4 49. Kd1 Kc4 50. Kc1 1/2-1/2

[Event "Groningen op"]
[Site "Groningen"]
[Date "1997.??.??"]
[Round "3"]
[White "Dworakowski, Lukasz"]
[Black "Moll, Arne"]
[Result "0-1"]
[WhiteElo "2320"]
[BlackElo "2115"]
[PlyCount "72"]
[EventDate "1997.12.20"]
[EventType "swiss"]
[EventRounds "11"]
[EventCountry "NED"]
[SourceTitle "CBM 062 Extra"]
[Source "ChessBase"]
[SourceDate "1998.03.09"]
[SourceVersion "1"]
[SourceVersionDate "1998.03.09"]
[SourceQuality "1"]

1. e4 d5 2. exd5 Nf6 3. d4 Bg4 4. f3 Bf5 5. c4 e6 6. dxe6 Nc6 7. Be3 Qe7 8. exf7+ Kxf7 9. Kf2 Re8 10. Qd2 Qd7 11. Nc3 Rxe3 12. Kxe3 Bc5 13. dxc5 Ng4+ 14. Ke2 Qe6+ 15. Kd1 Ne3+ 16. Kc1 Rd8 17. Nd5 Nxf1 18. Qe2 Qh6+ 19. f4 Rxd5 20. Qxf1 Rd4 21. Ne2 Rxc4+ 22. Kd1 Bg4 23. h3 Rd4+ 24. Ke1 Bxe2 25. Qxe2 Qg6 26. f5 Qg3+ 27. Kf1 Rf4+ 28. Kg1 Nd4 29. Qh5+ Kf8 30. Rf1 Rh4 31. Qd1 Re4 32. Rf2 Re1+ 33. Qxe1 Nf3+ 34. Kf1 Nxe1 35. Kxe1 Qe3+ 36. Re2 Qc1+ 0-1

[Event "POL-chT 52nd"]
[Site "Augustow"]
[Date "1996.11.29"]
[Round "3"]
[White "Lupkowski, Edward"]
[Black "Dworakowski, Lukasz"]
[Result "1-0"]
[WhiteElo "2185"]
[BlackElo "2345"]
[PlyCount "49"]
[EventDate "1996.11.27"]
[EventType "team-tourn"]
[EventRounds "11"]
[EventCountry "POL"]
[SourceTitle "EXT 2019"]
[Source "ChessBase"]
[SourceDate "2018.10.10"]
[SourceVersion "1"]
[SourceVersionDate "2018.10.10"]
[SourceQuality "1"]
[WhiteTeam "Wroclaw Hetman"]
[BlackTeam "Jasien LKS ZPD"]
[WhiteTeamCountry "POL"]
[BlackTeamCountry "POL"]

1. e4 e5 2. Bc4 Nf6 3. d3 c6 4. Nf3 d5 5. Bb3 Bb4+ 6. c3 Bd6 7. Nbd2 Be6 8. 0-0 Nbd7 9. Re1 0-0 10. Nf1 Nc5 11. exd5 Bg4 12. dxc6 Nxd3 13. Qxd3 e4 14. Qd4 exf3 15. Bg5 fxg2 16. Ne3 Bf3 17. Nf5 Qa5 18. Bc2 Rfd8 19. Qh4 Be5 20. Bxf6 Bxf6 21. Ne7+ Kf8 22. Qxh7 Be5 23. Qf5 Rd2 24. Ng6+ Kg8 25. Nxe5 1-0